<?xml version="1.0" encoding="UTF-8"?>
<record
    xmlns:xsi="http://www.w3.org/2001/XMLSchema-instance"
    xsi:schemaLocation="http://www.loc.gov/MARC21/slim http://www.loc.gov/standards/marcxml/schema/MARC21slim.xsd"
    xmlns="http://www.loc.gov/MARC21/slim">

  <leader>01054nam a2200229 i 4500</leader>
  <controlfield tag="001">187473</controlfield>
  <controlfield tag="003">ES-MaACL</controlfield>
  <controlfield tag="005">20230906222933.0</controlfield>
  <controlfield tag="008">170707q1980    mx abo       |||| | spa d</controlfield>
  <datafield tag="080" ind1=" " ind2=" ">
    <subfield code="a">745/749(72)</subfield>
  </datafield>
  <datafield tag="245" ind1="0" ind2="3">
    <subfield code="a">La artesan&#xED;a en Sinaloa / </subfield>
    <subfield code="c">[estudio preliminar, Porfirio Mart&#xED;nez Pe&#xF1;alosa [i.e. Pe&#xF1;aloza] ; estudio socioecon&#xF3;mico, inventario de artes y artesan&#xED;as... del Gobierno del Estado de Sinaloa ; director de investigaci&#xF3;n, Juan Manuel G&#xF3;mez ; dibujos, Alberto Beltr&#xE1;n].</subfield>
  </datafield>
  <datafield tag="260" ind1=" " ind2=" ">
    <subfield code="a">[Sinaloa (M&#xE9;xico)] : </subfield>
    <subfield code="b">Gobierno del Estado de Sinaloa, Direcci&#xF3;n de Investigaci&#xF3;n y Fomento de Cultura Regional, </subfield>
    <subfield code="c">[1980]</subfield>
  </datafield>
  <datafield tag="300" ind1=" " ind2=" ">
    <subfield code="a">88 p. : </subfield>
    <subfield code="b">il. col. y n., 1 mapa, fot. ; </subfield>
    <subfield code="c">21 x 28 cm.</subfield>
  </datafield>
  <datafield tag="490" ind1="1" ind2=" ">
    <subfield code="a">Rescate y divulgaci&#xF3;n</subfield>
  </datafield>
  <datafield tag="650" ind1=" " ind2="4">
    <subfield code="a">Artesan&#xED;a-</subfield>
    <subfield code="z">Sinaloa (Estado)</subfield>
    <subfield code="9">163397</subfield>
  </datafield>
  <datafield tag="650" ind1=" " ind2="4">
    <subfield code="a">Artesan&#xED;a-</subfield>
    <subfield code="z">M&#xE9;xico.</subfield>
    <subfield code="9">172096</subfield>
  </datafield>
  <datafield tag="700" ind1="1" ind2=" ">
    <subfield code="a">Mart&#xED;nez Pe&#xF1;aloza, Porfirio.</subfield>
    <subfield code="9">163398</subfield>
  </datafield>
  <datafield tag="700" ind1="1" ind2=" ">
    <subfield code="a">Beltr&#xE1;n, Alberto.</subfield>
    <subfield code="9">27331</subfield>
  </datafield>
  <datafield tag="830" ind1="1" ind2=" ">
    <subfield code="a">Rescate y divulgaci&#xF3;n</subfield>
    <subfield code="9">225565</subfield>
  </datafield>
  <datafield tag="852" ind1=" " ind2=" ">
    <subfield code="a">ES-MaACL</subfield>
    <subfield code="j">L-31798</subfield>
  </datafield>
  <datafield tag="999" ind1=" " ind2=" ">
    <subfield code="c">187473</subfield>
    <subfield code="d">187473</subfield>
  </datafield>
  <datafield tag="952" ind1=" " ind2=" ">
    <subfield code="0">0</subfield>
    <subfield code="1">0</subfield>
    <subfield code="4">0</subfield>
    <subfield code="7">0</subfield>
    <subfield code="a">ATENEOM</subfield>
    <subfield code="b">ATENEOM</subfield>
    <subfield code="c">DEPO2</subfield>
    <subfield code="d">2017-07-07</subfield>
    <subfield code="e">DON</subfield>
    <subfield code="l">0</subfield>
    <subfield code="o">L-31798</subfield>
    <subfield code="p">1197913</subfield>
    <subfield code="r">2023-02-23 00:00:00</subfield>
    <subfield code="w">2023-02-23</subfield>
    <subfield code="y">MONOGRAFIA</subfield>
  </datafield>
</record>
